Catálogo
 En Linea

El poder curativo de las gemas : (Registro nro. 25635)

Detalles MARC
000 -CABECERA
campo de control de longitud fija 01040nam a2200289 a 4500
001 - NÚMERO DE CONTROL
campo de control 000026143
005 - FECHA Y HORA DE LA ÚLTIMA TRANSACCIÓN
campo de control 20251017115024.0
008 - DATOS DE LONGITUD FIJA--INFORMACIÓN GENERAL
campo de control de longitud fija 110302s1995 sp ac r 000 0 spa d
020 ## - NÚMERO INTERNACIONAL ESTÁNDAR DEL LIBRO
Número Internacional Estándar del Libro 8476407815
040 ## - FUENTE DE LA CATALOGACIÓN
Centro catalogador/agencia de origen DO-SdBNP
Lengua de catalogación spa
Centro/agencia transcriptor BNPHU
041 17 - CÓDIGO DE LENGUA
Código de lengua del texto/banda sonora o título independiente spa
Código de lengua original eng
Fuente del código Código de idioma MARC
082 ## - NÚMERO DE LA CLASIFICACIÓN DECIMAL DEWEY
Número de clasificación 615.5
Número de documento/Ítem J65g
049 ## - FONDOS LOCALES (OCLC)
Fondos de biblioteca BNGR
100 1# - ENTRADA PRINCIPAL--NOMBRE DE PERSONA
Nombre de persona Johari, Harish,
9 (RLIN) 53122
240 10 - TÍTULO UNIFORME
Título uniforme The healing power of gemstones.
Lenguaje de la obra Español
245 10 - MENCIÓN DE TÍTULO
Título El poder curativo de las gemas :
Resto del título según el tantra, la medicina ayurvédica y la astrología hindú /
Mención de responsabilidad, etc. Harish Johari ; traducido por Manuel Algora.
260 ## - PUBLICACIÓN, DISTRIBUCIÓN, ETC.
Lugar de publicación, distribución, etc. Madrid, (España) :
Nombre del editor, distribuidor, etc. Editorial Edaf,
Fecha de publicación, distribución, etc. [1995?].
300 ## - DESCRIPCIÓN FÍSICA
Extensión 270 p. :
Otras características físicas il., retrs. ;
Dimensiones 23 cm.
490 1# - MENCIÓN DE SERIE
Mención de serie Nueva eva
Designación de volumen o secuencia 49
534 ## - NOTA SOBRE LA VERSIÓN ORIGINAL
Encabezamiento principal del original Título original inglés:
Mención de título del original The healing power of gemstones
650 #4 - PUNTO DE ACCESO ADICIONAL DE MATERIA--TÉRMINO DE MATERIA
Término de materia o nombre geográfico como elemento de entrada Terapéutica
9 (RLIN) 48859
650 #0 - PUNTO DE ACCESO ADICIONAL DE MATERIA--TÉRMINO DE MATERIA
Término de materia o nombre geográfico como elemento de entrada Psicoterapia
9 (RLIN) 465
650 #0 - PUNTO DE ACCESO ADICIONAL DE MATERIA--TÉRMINO DE MATERIA
Término de materia o nombre geográfico como elemento de entrada Medicina alternativa
9 (RLIN) 37050
650 #4 - PUNTO DE ACCESO ADICIONAL DE MATERIA--TÉRMINO DE MATERIA
Término de materia o nombre geográfico como elemento de entrada Terapias alternativas
9 (RLIN) 53123
700 1# - PUNTO DE ACCESO ADICIONAL--NOMBRE DE PERSONA
Nombre de persona Algora, Manuel
Término indicativo de función/relación tr.
9 (RLIN) 53124
830 #0 - PUNTO DE ACCESO ADICIONAL DE SERIE-TÍTULO UNIFORME
Título uniforme Nueva eva ;
Designación de volumen o secuencia 49
9 (RLIN) 53125
Existencias
Estado de retiro Estado de pérdida Restricciones de uso No para préstamo Código de colección Localización permanente Ubicación/localización actual Ubicación en estantería Fecha de adquisición Número de inventario Total de préstamos Signatura topográfica completa Código de barras Fecha visto por última vez Precio válido a partir de Tipo de ítem Koha
        Monografías: Libros y Folletos General General En catalogación 02.03.2011 LF1   615.5 J65g 26143-10 25.06.2020 25.06.2020 Préstamo en sala

Con tecnología Koha